00328pam a2200121 a 4500020002400000041000500024082001200029100004000041245007300081250001200154260003200166300000800198 a978-81-317-0536-0c h a666.893 aNeville A. M. & Brooks J.J.eAuthor aConcrete TechnologycNeville A. M. & Brooks J.J.hTextual Documents  a1st Ed. bPearson Prentice Hallc2013 a432